00500nam a2200145Ia 4500003000400000005001700004008004100021040002900062050002300091100002300114245011500137260002300252300003700275650004200312OSt20230324161011.0230222s9999||||xx |||||||||||||| ||und|| cChuka University Library a HJ 81.3bC68 2017 aCounty governments 0aOffice of the controller of budget:county governments budget implementation review report half year FY 2016/17 aGoKbNairobic2017 a297 P.bIncludes Tables & Chats  a budget implementation review report